Niektoré aspekty formovania osobnosti

Autorky sa zamýšľajú nad tým, čo je obsahom edukačného pôsobenia učiteľa na vysokej škole. Autorky vychádzajú zo svojej pedagogickej praxe a sú presvedčené, že úloha učiteľa nespočíva len v odovzdávaní odborných informácií a jeho zodpovednosť sa nekončí len sprostredkovaním vedomostí a poznatkov.

Enregistré dans:
Détails bibliographiques
Auteur principal: Kozlová, Ľubomíra, 1952-
Autres auteurs: Kočišová, Zuzana, 1956-
Format: Chapitre de livre
Langue:slovaque
Sujets:
Tags: Ajouter un tag
Pas de tags, Soyez le premier à ajouter un tag!

MARC

LEADER 00000nla a2200000 4500
001 0181705
005 20240502073121.7
041 0 |a slo 
044 |a SK 
245 1 0 |a Niektoré aspekty formovania osobnosti  |c Ľubomíra Kozlová, Zuzana Kočišová 
520 |a Autorky sa zamýšľajú nad tým, čo je obsahom edukačného pôsobenia učiteľa na vysokej škole. Autorky vychádzajú zo svojej pedagogickej praxe a sú presvedčené, že úloha učiteľa nespočíva len v odovzdávaní odborných informácií a jeho zodpovednosť sa nekončí len sprostredkovaním vedomostí a poznatkov. 
610 2 0 |a vzdelávanie vysokoškolské 
610 2 0 |a vyučovanie 
610 2 0 |a pedagogika 
610 2 0 |a učitelia 
610 2 0 |a autorita 
610 2 0 |a osobnosť 
100 1 |a Kozlová, Ľubomíra, 1952- 
700 1 |a Kočišová, Zuzana, 1956-